000
00213nam a2200085Ia 4500
008
120527s9999 xx 000 0 und d
100
_a
BOYES & MELVIN
245
_a
Agro-Economics intermediate and policy
942
_c
BK
999
_c
27025
_d
27025